00373nam a2200145Ia 4500008004100000020001500041041001200056082001100068100001900079245005500098260002500153300000800178650001400186700002700200221030s9999 xx 000 0 und d a8120321861 aEnglish a105.23 aS. Rajasekaran 0aNeural Networks, Fuzzy Logic, & Genetic Algorithms bPHIaNew Delhic2007 a439 aComputers aG. A. Vijaylakshmi Pai